| 000 | 00552nam a22001697a 4500 | ||
|---|---|---|---|
| 003 | BD-ChCU | ||
| 005 | 20251126092243.0 | ||
| 008 | 251126b bg ||||| |||| 00| 0 ben d | ||
| 040 | _cBD-ChCU | ||
| 082 | _a572 SPC | ||
| 100 |
_aSpicer, Edward H. _916916 |
||
| 245 |
_aCycles of conquest : _bthe impact of Spain , Mexico, and the United states on the Indians of the South-west , 1533-1960./ _cEdward H. Spicer. |
||
| 260 |
_aTucson : _bUniv. of Arizona press, _cC 1962 |
||
| 300 | _axii , 609p | ||
| 650 | 0 |
_aAnthropology _916921 |
|
| 942 |
_2ddc _cBK _n0 |
||
| 999 |
_c109840 _d109840 |
||